Southville International School and Colleges
Your cart is empty.
  • Cart
  • Lists
    Public lists Eva Luna New books Lux_list list_1
    Your lists Log in to create your own lists
  • Log in to your account
  • Your cookies
  • Search history
Southville International School and Colleges
  • Advanced search
  • Recent comments
  • Most popular
  • Libraries

Log in to your account

Log in with GOOGLE


If you do not have an external account, but do have a local account, you can still log in:

  1. Home
  2. MARC view: The five people you meet in heaven /
Normal view MARC view ISBD view

The five people you meet in heaven / (Record no. 368471)

[ view plain ]
MARC details
000 -LEADER
fixed length control field 00685nam a22001937a 4500
003 - CONTROL NUMBER IDENTIFIER
control field 0
005 - DATE AND TIME OF LATEST TRANSACTION
control field 20251106112706.0
008 - FIXED-LENGTH DATA ELEMENTS--GENERAL INFORMATION
fixed length control field 251106b xxu||||| |||| 00| 0 eng d
020 ## - INTERNATIONAL STANDARD BOOK NUMBER
International Standard Book Number 978-1-4013-9803-3
050 ## - LIBRARY OF CONGRESS CALL NUMBER
Classification number PS 3561.L285
Item number .A339 F58 2004
100 ## - MAIN ENTRY--PERSONAL NAME
Personal name Albom, Mitch,
Relator term author.
245 ## - TITLE STATEMENT
Title The five people you meet in heaven /
Statement of responsibility, etc Mitch Albom.
260 ## - PUBLICATION, DISTRIBUTION, ETC. (IMPRINT)
Place of publication, distribution, etc New York :
Name of publisher, distributor, etc Hachette Books,
Date of publication, distribution, etc 2004.
300 ## - PHYSICAL DESCRIPTION
Extent 196 pages ;
Dimensions 18 cm.
520 ## - SUMMARY, ETC.
Summary, etc On his 83rd birthday, Eddie dies in an accident and finds himself in heaven, where he meets five people who explain the meaning of his life.
650 ## - SUBJECT ADDED ENTRY--TOPICAL TERM
Topical term or geographic name as entry element Future life
Form subdivision Fiction.
650 ## - SUBJECT ADDED ENTRY--TOPICAL TERM
Topical term or geographic name as entry element Redemption
Form subdivision Fiction.
942 ## - ADDED ENTRY ELEMENTS (KOHA)
Source of classification or shelving scheme Library of Congress Classification
Koha item type Books
Holdings
Withdrawn status Lost status Source of classification or shelving scheme Damaged status Home library Current library Shelving location Date acquired Source of acquisition Sub Shelving location Total Checkouts Full call number Barcode Date last seen Price effective from Koha item type
    Library of Congress Classification   Luxembourg Library Luxembourg Library Fiction Section 11/19/2024 Library Fund     PS 3561.L285 .A339 F58 2004 21476 11/06/2025 11/06/2025 Books

The five people you meet in heaven /

APA

Albom M., . (2004). The five people you meet in heaven. New York: Hachette Books.

Chicago

Albom Mitch, . 2004. The five people you meet in heaven. New York: Hachette Books.

Harvard

Albom M., . (2004). The five people you meet in heaven. New York: Hachette Books.

MLA

Albom Mitch, . The five people you meet in heaven. New York: Hachette Books. 2004.

  • Place hold
  • Print
  • Cite
  • Add to your cart (remove)
  • Save record
    BIBTEX Dublin Core MARCXML MARC (non-Unicode/MARC-8) MARC (Unicode/UTF-8) MARC (Unicode/UTF-8, Standard) MODS (XML) RIS
  • More searches
    Search for this title in:
    Other Libraries (WorldCat) Other Databases (Google Scholar) Online Stores (Bookfinder.com) Open Library (openlibrary.org)

Exporting to Dublin Core...

SOUTHVILLE LIBRARY

Southville International School and Colleges Library

1281 Tropical Ave. Cor. Luxembourg St., BF Homes International, Las Pinas City

Tel. No. 8256374 / 252358 Loc. 117/146

Powered by Koha